Longest Air Routes in the World - Statistics

General Stats
  • This quiz has been taken 92 times
  • The average score is 70 of 96
Answer Stats
Distance City % Correct
15,349 km New York City
98%
14,207 km New York City
98%
13,712 km New York City
98%
12,990 km New York City
98%
12,878 km New York City
98%
12,566 km New York City
98%
12,551 km New York City
98%
14,499 km London
97%
14,114 km Los Angeles
97%
13,420 km Los Angeles
97%
13,409 km Los Angeles
97%
13,367 km Los Angeles
97%
12,748 km Los Angeles
97%
13,834 km Sydney
95%
13,804 km Sydney
95%
14,264 km Paris
91%
14,472 km Melbourne
89%
12,748 km Melbourne
89%
12,641 km Melbourne
89%
15,349 km Singapore
89%
15,344 km Singapore
89%
14,114 km Singapore
89%
13,593 km Singapore
89%
12,988 km Singapore
89%
14,200 km Dubai
84%
13,420 km Dubai
84%
13,144 km Dubai
84%
13,041 km Dubai
84%
12,940 km Dubai
84%
12,626 km Dubai
84%
14,499 km Perth
80%
14,264 km Perth
80%
13,354 km Perth
80%
12,990 km Hong Kong
78%
12,980 km Hong Kong
78%
12,826 km Hong Kong
78%
12,615 km Hong Kong
78%
12,589 km Hong Kong
78%
14,004 km San Francisco
78%
13,593 km San Francisco
78%
13,529 km San Francisco
78%
13,041 km San Francisco
78%
13,014 km San Francisco
78%
12,641 km San Francisco
78%
12,614 km San Francisco
78%
14,535 km Auckland
75%
14,207 km Auckland
75%
14,200 km Auckland
75%
14,535 km Doha
70%
13,367 km Doha
70%
13,014 km Doha
70%
12,952 km Doha
70%
12,765 km Doha
70%
13,581 km Johannesburg
70%
12,858 km Johannesburg
70%
13,581 km Atlanta
67%
13,084 km Atlanta
67%
12,589 km Chicago
67%
13,230 km Toronto
67%
12,615 km Toronto
67%
13,084 km Cape Town
64%
12,753 km Cape Town
64%
12,580 km Cape Town
64%
13,354 km Rome
64%
12,940 km Dallas
63%
14,472 km Dallas/Fort Worth
63%
13,804 km Dallas/Fort Worth
63%
13,363 km Dallas/Fort Worth
63%
12,765 km Dallas/Fort Worth
63%
13,834 km Houston
63%
13,144 km Houston
63%
12,952 km Houston
63%
12,776 km Houston
63%
13,363 km Brisbane
61%
12,753 km Washington, D.C.
61%
13,529 km Mumbai
59%
12,565 km Mumbai
59%
12,551 km Mumbai
59%
12,826 km Boston
58%
12,988 km Seattle
58%
14,147 km Mexico City
56%
12,626 km Miami
56%
13,712 km Manila
55%
13,230 km Manila
55%
12,878 km Guangzhou
53%
12,776 km Taipei
48%
12,566 km Taipei
48%
15,344 km Newark
45%
12,980 km Newark
45%
12,858 km Newark
45%
12,580 km Newark
45%
12,565 km Newark
45%
14,004 km Bengaluru
34%
14,147 km Shenzhen
33%
12,614 km Ho Chi Minh City
30%
13,409 km Jeddah
25%
No matching quizzes found
Score Distribution
Percent of People with Each Score
Percentile by Number Answered
Your Score History
You have not taken this quiz